[Event "AUT-chT2W 2021"]
[Site "Austria"]
[Date "2020.10.09"]
[Round "1.6"]
[White "Karner, Sylvia"]
[Black "Notegger, Phil"]
[Result "1/2-1/2"]
[WhiteElo "1707"]
[BlackElo "1619"]
[PlyCount "103"]
[EventDate "2020.10.09"]
[EventType "team-tourn"]
[EventRounds "11"]
[EventCountry "AUT"]
[SourceTitle "CBM 199 Extra"]
[Source "ChessBase"]
[SourceDate "2021.01.31"]
[SourceVersion "1"]
[SourceVersionDate "2021.01.31"]
[SourceQuality "1"]
[WhiteTeam "Lustenau"]
[BlackTeam "Wolfurt"]
[WhiteTeamCountry "AUT"]
[BlackTeamCountry "AUT"]

1. d4 d5 2. Nf3 e6 3. Bf4 Nf6 4. e3 Be7 5. h3 0-0 6. c4 b6 7. Nc3 a6 8. Rc1 Bb7 9. Be2 c5 10. 0-0 Nbd7 11. cxd5 Nxd5 12. Bg3 N7f6 13. Ne5 cxd4 14. exd4 b5 15. Bf3 Nxc3 16. Rxc3 Nd5 17. Rc2 Rc8 18. a3 b4 19. Rxc8 Qxc8 20. Qb3 Rd8 21. Nd3 bxa3 22. bxa3 Qd7 23. Nc5 Bxc5 24. dxc5 Qb5 25. Rb1 Bc6 26. Qc2 Qa4 27. Qxa4 Bxa4 28. Bxd5 exd5 29. Rb6 Rc8 30. Rxa6 Bb5 31. Rd6 Kf8 32. Rxd5 Ra8 33. Bd6+ Ke8 34. Re5+ Kd8 35. Re3 Bc6 36. f3 g6 37. Re7 Bd5 38. Re3 Bc6 39. Re7 Bd5 40. Re3 Bc6 41. Kf2 Ra4 42. Rb3 Kd7 43. Ke3 Bd5 44. Rd3 Kc6 45. Kd2 Rc4 46. Re3 Rd4+ 47. Kc3 Rc4+ 48. Kb2 Rd4 49. Re2 Rd3 50. a4 Rb3+ 51. Kc2 Ra3 52. Kd2 1/2-1/2

[Event "AUT-ch U12"]
[Site "Woerth"]
[Date "2015.05.24"]
[Round "3.6"]
[White "Guskic, Andrija"]
[Black "Notegger, Phil"]
[Result "1/2-1/2"]
[WhiteElo "1669"]
[BlackElo "1482"]
[PlyCount "101"]
[EventDate "2015.05.23"]
[EventType "swiss"]
[EventRounds "7"]
[EventCountry "AUT"]
[SourceTitle "EXT 2024"]
[Source "ChessBase"]
[SourceDate "2023.10.10"]
[SourceVersion "1"]
[SourceVersionDate "2023.10.10"]
[SourceQuality "1"]

1. e4 c5 2. c3 d6 3. d4 cxd4 4. cxd4 Nf6 5. Nc3 e6 6. Nf3 Be7 7. Be2 a6 8. 0-0 b5 9. h3 Bb7 10. d5 e5 11. Be3 b4 12. Qa4+ Nbd7 13. Qxb4 Qc7 14. Rfc1 Bc8 15. Qb3 0-0 16. a4 a5 17. Nb5 Qd8 18. Nd2 Ba6 19. f3 Nh5 20. Kh2 Rb8 21. Rc2 Bg5 22. Bf2 f5 23. exf5 Bxd2 24. Rxd2 Qg5 25. Qe3 Qf4+ 26. Qxf4 Nxf4 27. Bf1 Bxb5 28. Bxb5 Nb6 29. g4 Rf6 30. Bh4 Rh6 31. Kg3 Kf8 32. Rh1 Rxh4 33. Kxh4 Nbxd5 34. b3 Rb6 35. Kg3 Ke7 36. h4 Ne3 37. Re1 Ned5 38. Bc4 Nb4 39. Rd4 Kf6 40. Rd2 d5 41. Bb5 d4 42. Bd7 Nfd3 43. Red1 Nc5 44. g5+ Ke7 45. Be6 Rb7 46. Re1 Nbd3 47. Red1 Nb4 48. Bc4 Rc7 49. Re1 Nc6 50. Bd3 Nb4 51. Bc4 1/2-1/2

[Event "AUT-ch U12"]
[Site "Woerth"]
[Date "2015.05.23"]
[Round "1.3"]
[White "Morgunov, Marc"]
[Black "Notegger, Phil"]
[Result "1-0"]
[WhiteElo "1831"]
[BlackElo "1482"]
[PlyCount "75"]
[EventDate "2015.05.23"]
[EventType "swiss"]
[EventRounds "7"]
[EventCountry "AUT"]
[SourceTitle "EXT 2024"]
[Source "ChessBase"]
[SourceDate "2023.10.10"]
[SourceVersion "1"]
[SourceVersionDate "2023.10.10"]
[SourceQuality "1"]

1. e4 c5 2. Nf3 d6 3. d4 cxd4 4. Nxd4 Nf6 5. Nc3 a6 6. f4 e5 7. Nf3 Qc7 8. a4 Be6 9. Bd3 Qc5 10. Qe2 Nbd7 11. f5 Bxf5 12. exf5 Qb6 13. a5 Qc7 14. Ne4 d5 15. Nxf6+ gxf6 16. c3 h5 17. Bd2 Be7 18. Bc2 b6 19. Bb3 Qc6 20. Qd3 Nc5 21. Qxd5 Qxd5 22. Bxd5 Rd8 23. Bc6+ Kf8 24. axb6 Rb8 25. b4 Rxb6 26. Bd5 Nd7 27. Be3 Rb5 28. Bc6 Rb8 29. Bxd7 a5 30. bxa5 Bd8 31. a6 Kg7 32. a7 Rb2 33. a8Q Rxg2 34. Nxe5 Rc2 35. Rg1+ Kh7 36. Qf3 Rxh2 37. Qf4 Rg8 38. Qh6# 1-0

[Event "AUT-ch U12"]
[Site "Woerth"]
[Date "2015.05.23"]
[Round "2.9"]
[White "Notegger, Phil"]
[Black "Valtiner, Adamo"]
[Result "1-0"]
[WhiteElo "1482"]
[BlackElo "1334"]
[PlyCount "83"]
[EventDate "2015.05.23"]
[EventType "swiss"]
[EventRounds "7"]
[EventCountry "AUT"]
[SourceTitle "EXT 2024"]
[Source "ChessBase"]
[SourceDate "2023.10.10"]
[SourceVersion "1"]
[SourceVersionDate "2023.10.10"]
[SourceQuality "1"]

1. e4 e5 2. Nf3 Nc6 3. d4 exd4 4. Nxd4 g6 5. Nxc6 bxc6 6. Qd4 Qf6 7. e5 Qe7 8. Be3 Bg7 9. f4 d6 10. Qc3 Bd7 11. Nd2 dxe5 12. 0-0-0 Nh6 13. fxe5 Bxe5 14. Bd4 Bxd4 15. Qxd4 0-0 16. Ne4 f5 17. Nf6+ Qxf6 18. Qxf6 Rxf6 19. Rxd7 Rf7 20. Bc4 Rc8 21. h4 Kg7 22. Bxf7 Nxf7 23. Re1 h5 24. Ree7 Rf8 25. Rxc7 Kf6 26. Re2 Ne5 27. Rxa7 Rb8 28. Ra6 Rb4 29. g3 Rg4 30. Ra5 Re4 31. Rxe4 fxe4 32. Rc5 Ke6 33. b4 Kd6 34. a4 e3 35. Rxe5 Kxe5 36. Kd1 Ke4 37. Ke2 Kd4 38. a5 Kc4 39. a6 Kxb4 40. a7 Kc3 41. Kxe3 Kxc2 42. a8Q 1-0

[Event "AUT-ch U10"]
[Site "Linz"]
[Date "2013.06.01"]
[Round "4"]
[White "Notegger, Phil"]
[Black "Do Quoc, Khanh"]
[Result "0-1"]
[WhiteElo "1497"]
[BlackElo "1540"]
[PlyCount "78"]
[EventDate "2013.05.31"]
[EventType "swiss"]
[EventRounds "7"]
[EventCountry "AUT"]
[SourceTitle "EXT 2015"]
[Source "ChessBase"]
[SourceDate "2014.11.20"]
[SourceVersion "1"]
[SourceVersionDate "2014.11.20"]
[SourceQuality "1"]

1. f4 d5 2. e3 c5 3. Nf3 Nc6 4. Bb5 a6 5. Bxc6+ bxc6 6. 0-0 Nf6 7. d3 e6 8. Ne5 Bd6 9. Qf3 Qc7 10. Ng4 Nxg4 11. Qxg4 0-0 12. b3 d4 13. e4 f5 14. Qg3 Rf6 15. e5 Rg6 16. exd6 Qxd6 17. Qe1 Qd5 18. Rf3 Qxf3 19. g3 Bb7 20. Ba3 c4 21. Nd2 Qh5 22. Nxc4 c5 23. Qf2 Rh6 24. Bxc5 Rd8 25. Be7 Rd7 26. Bg5 Rg6 27. Ne5 Rxg5 28. fxg5 Rd5 29. Re1 Qxg5 30. Nc4 Qf6 31. Qf4 Rd8 32. Qc7 Bd5 33. Nb6 Rf8 34. Qe5 Qd8 35. Nxd5 exd5 36. Qxd4 h6 37. Re5 Qc8 38. Qxd5+ Kh8 39. Qe6 Qxc2 0-1

[Event "AUT-ch U10"]
[Site "Linz"]
[Date "2013.06.01"]
[Round "5"]
[White "Peyrer, Konstantin"]
[Black "Notegger, Phil"]
[Result "1-0"]
[WhiteElo "1264"]
[BlackElo "1497"]
[PlyCount "51"]
[EventDate "2013.05.31"]
[EventType "swiss"]
[EventRounds "7"]
[EventCountry "AUT"]
[SourceTitle "EXT 2015"]
[Source "ChessBase"]
[SourceDate "2014.11.20"]
[SourceVersion "1"]
[SourceVersionDate "2014.11.20"]
[SourceQuality "1"]

1. d4 d5 2. c4 e6 3. Nc3 Nf6 4. Bg5 Be7 5. e3 b6 6. cxd5 exd5 7. Bd3 Bb7 8. Nf3 Nbd7 9. 0-0 Rc8 10. Bb5 0-0 11. Qb3 c5 12. Bxd7 Qxd7 13. Ne5 Qe6 14. f4 Ba6 15. Nb5 Ne4 16. f5 Nd2 17. Qd3 Nxf1 18. fxe6 Bxg5 19. exf7+ Kh8 20. Rxf1 c4 21. Qc3 Bxb5 22. Rf3 a5 23. b3 g6 24. a4 Bc6 25. bxc4 dxc4 26. d5 1-0

[Event "AUT-ch U12"]
[Site "Linz"]
[Date "2013.05.20"]
[Round "5"]
[White "Notegger, Phil"]
[Black "Weissensteiner, Lukas"]
[Result "1/2-1/2"]
[WhiteElo "1497"]
[BlackElo "1304"]
[PlyCount "76"]
[EventDate "2013.05.18"]
[EventType "swiss"]
[EventRounds "7"]
[EventCountry "AUT"]
[SourceTitle "EXT 2015"]
[Source "ChessBase"]
[SourceDate "2014.11.20"]
[SourceVersion "1"]
[SourceVersionDate "2014.11.20"]
[SourceQuality "1"]

1. e4 e5 2. Nf3 Nc6 3. Nc3 Nf6 4. d4 exd4 5. Nxd4 Bc5 6. Be3 Bb4 7. Nxc6 Bxc3+ 8. bxc3 bxc6 9. Bd3 0-0 10. 0-0 Re8 11. f3 d5 12. Re1 a5 13. Bg5 Qd6 14. Bxf6 Qxf6 15. exd5 Rxe1+ 16. Qxe1 Bf5 17. dxc6 Qxc6 18. Kh1 Qg6 19. Qe3 h6 20. g4 Bxd3 21. cxd3 Qf6 22. d4 Rd8 23. Rd1 Qc6 24. Qd3 Qa4 25. Rd2 Rd6 26. c4 Qc6 27. d5 Qc5 28. Re2 Rd8 29. Rd2 Rd6 30. Qd4 Qa3 31. Qd3 Qc5 32. Rb2 Rb6 33. Rxb6 Qxb6 34. Qe2 a4 35. Kg2 a3 36. Qf2 Qb2 37. c5 Qe5 38. Qd2 Qb2 1/2-1/2

[Event "AUT-ch U12"]
[Site "Linz"]
[Date "2013.05.18"]
[Round "2"]
[White "Notegger, Phil"]
[Black "Prato, Simon"]
[Result "0-1"]
[WhiteElo "1497"]
[BlackElo "1514"]
[PlyCount "60"]
[EventDate "2013.05.18"]
[EventType "swiss"]
[EventRounds "7"]
[EventCountry "AUT"]
[SourceTitle "EXT 2015"]
[Source "ChessBase"]
[SourceDate "2014.11.20"]
[SourceVersion "1"]
[SourceVersionDate "2014.11.20"]
[SourceQuality "1"]

1. e4 c5 2. Nf3 e6 3. Nc3 Nc6 4. d4 cxd4 5. Nxd4 a6 6. Be3 Qc7 7. Be2 Nf6 8. f3 Bb4 9. Nxc6 bxc6 10. Bd2 Bc5 11. Bd3 0-0 12. Qe2 d5 13. e5 Nd7 14. f4 Bb7 15. Rf1 Bb6 16. Rf3 c5 17. b3 f6 18. exf6 Rxf6 19. Rg3 e5 20. fxe5 Nxe5 21. 0-0-0 Nxd3+ 22. Qxd3 c4 23. Qe2 Rf7 24. Qe6 d4 25. Nd5 Bxd5 26. Qxd5 Rc8 27. Bh6 Kh8 28. Bd2 c3 29. Be1 Qe7 30. Rf3 Qa3+ 0-1

[Event "AUT-ch U10"]
[Site "Schladming"]
[Date "2012.06.08"]
[Round "3.2"]
[White "Notegger, Phil"]
[Black "Leisch, Lukas"]
[Result "0-1"]
[WhiteElo "1521"]
[BlackElo "1366"]
[PlyCount "116"]
[EventDate "2012.06.08"]
[EventType "swiss"]
[EventRounds "7"]
[EventCountry "AUT"]
[SourceTitle "EXT 2024"]
[Source "ChessBase"]
[SourceDate "2023.10.10"]
[SourceVersion "1"]
[SourceVersionDate "2023.10.10"]
[SourceQuality "1"]

1. e4 c5 2. Nf3 d6 3. d4 cxd4 4. Nxd4 Nf6 5. Nc3 a6 6. Bd3 e6 7. Be3 Nbd7 8. 0-0 b5 9. f3 Bb7 10. a3 d5 11. Qd2 Bc5 12. Rfe1 e5 13. Nf5 d4 14. Bf2 dxc3 15. Bxc5 Nxc5 16. Qxc3 Nxd3 17. cxd3 0-0 18. Qxe5 Re8 19. Qg3 Nh5 20. Qg4 g6 21. Nh6+ Kf8 22. Rac1 Bc8 23. Nf5 Bxf5 24. exf5 Rxe1+ 25. Rxe1 Qxd3 26. Qg5 Qd4+ 27. Kh1 Qf6 28. Qh6+ Qg7 29. Qe3 Qxb2 30. g4 Ng7 31. Qe7+ Kg8 32. f6 h6 33. fxg7 Kxg7 34. Qb7 Rd8 35. Qe4 Rd2 36. Qf4 Qd4 37. Qxd4+ Rxd4 38. Re3 a5 39. Re5 Ra4 40. Rxb5 Rxa3 41. Rb6 Rxf3 42. Kg2 Ra3 43. Ra6 a4 44. h3 Ra1 45. Kh2 g5 46. Kg2 f6 47. Ra7+ Kg6 48. Kg3 a3 49. Kf3 a2 50. Kg2 h5 51. gxh5+ Kxh5 52. Rh7+ Kg6 53. Ra7 Kf5 54. Ra5+ Ke4 55. Ra3 f5 56. Kf2 Rh1 57. Kg2 a1Q 58. Rb3 Qf1+ 0-1

[Event "AUT-ch U08 Boys+Girls"]
[Site "Imst"]
[Date "2011.06.25"]
[Round "5.2"]
[White "Moerwald, Magdalena"]
[Black "Notegger, Phil"]
[Result "1-0"]
[WhiteElo "1204"]
[BlackElo "1381"]
[PlyCount "55"]
[EventDate "2011.06.24"]
[EventType "swiss"]
[EventRounds "7"]
[EventCountry "AUT"]
[SourceTitle "EXT 2024"]
[Source "ChessBase"]
[SourceDate "2023.10.10"]
[SourceVersion "1"]
[SourceVersionDate "2023.10.10"]
[SourceQuality "1"]

1. e4 c5 2. Nf3 d6 3. d4 cxd4 4. Nxd4 Nf6 5. Bc4 Bg4 6. Nf3 Nxe4 7. 0-0 g6 8. Re1 Nc5 9. Qd4 f6 10. Qxg4 Bg7 11. Nc3 a6 12. Be3 b5 13. Bd5 Ra7 14. b4 Ncd7 15. Bxa7 f5 16. Qg3 Bxc3 17. Rab1 Bxe1 18. Rxe1 Qc7 19. Bd4 e5 20. c3 Kd8 21. Ng5 Kc8 22. Ne6 f4 23. Qg5 h6 24. Qe7 Nc6 25. Qg7 Qb8 26. Qxh8+ Kb7 27. Qxb8+ Ndxb8 28. Nd8+ 1-0

[Event "AUT-ch U08 Boys+Girls"]
[Site "Imst"]
[Date "2011.06.24"]
[Round "3.5"]
[White "Spreitzer, Elias"]
[Black "Notegger, Phil"]
[Result "0-1"]
[WhiteElo "1109"]
[BlackElo "1381"]
[PlyCount "60"]
[EventDate "2011.06.24"]
[EventType "swiss"]
[EventRounds "7"]
[EventCountry "AUT"]
[SourceTitle "EXT 2024"]
[Source "ChessBase"]
[SourceDate "2023.10.10"]
[SourceVersion "1"]
[SourceVersionDate "2023.10.10"]
[SourceQuality "1"]

1. e4 c5 2. Nf3 d6 3. Bb5+ Nd7 4. Nc3 a6 5. Bc4 Ngf6 6. 0-0 g6 7. Ng5 e6 8. d3 Bg7 9. Bf4 Nh5 10. Bxd6 Qxg5 11. h3 Nf4 12. Bxf4 Qxf4 13. Rb1 0-0 14. Ne2 Qd6 15. a3 b5 16. Ba2 Bb7 17. Ng3 Kh8 18. Qg4 Ne5 19. Qf4 f5 20. exf5 Nf3+ 21. Qxf3 Bxf3 22. gxf3 exf5 23. Rfe1 Be5 24. Nf1 Rfe8 25. Bf7 Re7 26. Ba2 Rae8 27. Nd2 Bh2+ 28. Kh1 Rxe1+ 29. Rxe1 Rxe1+ 30. Kg2 Rg1# 0-1